| Поле | Название | Значение |
| |
Тип записи |
i |
| |
Библиографический уровень |
c |
| 001 |
Контрольный номер |
6756de1a5e7f4f78ba19052a7b4c413d |
| 005 |
Дата корректировки |
20211217162022.1 |
| 010 |
Индекс ISBN |
__ |
| b |
Уточнения |
в кор. |
| a |
ISBN |
978-5-9677-2657-6 |
| d |
Цена |
181-00 |
| 100 |
Данные общей обработки |
__ |
| a |
Данные общей обработки |
19180213d2017####d y0rusy028902 ca |
| 101 |
Язык документа |
1_ |
| a |
Язык текста |
rus |
| c |
Язык оригинала |
nnn |
| 102 |
Страна публикации |
__ |
| a |
Страна публикации |
RU |
| 125 |
Кодированные данные звукозаписи и нотных изданий |
__ |
| b |
Определитель литературного текста |
с |
| 126 |
Кодированные данные (звукозаписи-физические характеристики) |
__ |
| a |
Кодированные данные звукозаписи (общие) |
agbxhxx cd |
| 127 |
Кодированные данные (звукозаписи-физические характеристики) |
__ |
| a |
Продолжительность проигрывания |
0349## |
| 135 |
Кодированные данные (электронные ресурсы) |
__ |
| a |
Кодированные данные (электронные ресурсы) |
aongannnauuuu |
| 139 |
Кодированные данные (электронные ресурсы) |
__ |
| a |
Кодированные данные (электронные ресурсы) |
caz |
| 181 |
Поле кодированных данных: вид содержания |
_0 |
| a |
Код вида содержания (ISBD) |
h |
| 182 |
Поле кодированных данных: тип средства |
_0 |
| a |
Код типа средства (ISBD) |
a |
| 200 |
Заглавие и сведения об ответственности |
1_ |
| a |
Заглавие |
Сделка со страусами |
| f |
Первые сведения об ответственности |
Герберт Уэллс ; исполнитель, режиссер Федор Степанов ; звукорежиссеры: Павел Брусков, Антон Лушев ; продюссер Елена Лихачева |
| e |
Сведения, относящиеся к заглавию |
[аудиокнига] |
| 203 |
Вид содержания и тип средства |
__ |
| a |
Вид содержания |
Устная речь |
| c |
Тип средства |
аудио |
| 210 |
Выходные данные |
1_ |
| a |
Место издания |
Москва |
| c |
Издательство |
1С-Паблишинг |
| d |
Дата издания |
2017 |
| 215 |
Физическое описание |
__ |
| a |
Объем |
1 электрон. опт. диск (CD-ROM) (3 ч. 49 мин.) |
| c |
Иллюстрации/тип воспроизводства |
зв. |
| d |
Формат |
12 см |
| 225 |
Серия |
2_ |
| a |
Серия |
Зарубежная классика |
| 300 |
Общие примечания |
__ |
| a |
Общие примечания |
Заглавие с этикетки диска |
| 300 |
Общие примечания |
__ |
| a |
Общие примечания |
Данные в формате MP3 |
| 330 |
Аннотация |
__ |
| a |
Аннотация |
Значительную часть наследия Уэллса составляют рассказы. В них, как и в романах, отразилось его беспокойство за судьбу человека в мире, который слишком быстро изменяют научные открытия и новые технологии. Органичное сочетание смелой фантазии, доброго юмора и широта социальных наблюдений сделали творчество Уэллса интересным и значимым для читателей нескольких поколений. Здесь представлены аудиоверсии самых увлекательных рассказов писателя. Название сборнику дало повествование с непредсказуемым авантюрным сюжетом. Организуется перевозка страусов для аукциона. Перед погрузкой на огромный морской лайнер одна из птиц проглотила крупный и очень дорогой бриллиант. Какой именно страус это сделал, никто не знает… |
| 333 |
Примечание о целевом назначении |
__ |
| a |
Примечание о целевом назначении |
12+. Для детей старше 12 лет |
| 337 |
Примечание о системных требованиях (электронные ресурсы) |
__ |
| a |
Примечание о системных требованиях (электронные ресурсы) |
Системные требования: персональный компьютер ; CD-плеер с поддержкой MP3, или Pentium-233 c Windows 9x-XP ; CD-ROM ; звуковая карта |
| 464 |
Аналитический уровень |
_0 |
| 1 |
|
2001 |
| a |
|
Человек, который мог творить чудеса |
| 464 |
Аналитический уровень |
_0 |
| 1 |
|
2001 |
| a |
|
Хрустальное яйцо |
| 464 |
Аналитический уровень |
_0 |
| 1 |
|
2001 |
| a |
|
Красный гриб |
| 464 |
Аналитический уровень |
_0 |
| 1 |
|
2001 |
| a |
|
Торжество таксидермии |
| 464 |
Аналитический уровень |
_0 |
| 1 |
|
2001 |
| a |
|
Из окна |
| 464 |
Аналитический уровень |
_0 |
| 1 |
|
2001 |
| a |
|
Искушение Хэррингэя |
| 464 |
Аналитический уровень |
_0 |
| 1 |
|
2001 |
| a |
|
Летающий человек |
| 606 |
Тематические рубрики |
__ |
| a |
Основная рубрика |
Художественная литература |
| 606 |
Тематические рубрики |
__ |
| a |
Основная рубрика |
Литература Европы (произведения) |
| z |
Хронологическая подрубрика |
20 в. |
| y |
Географическая подрубрика |
Англия |
| y |
Географическая подрубрика |
Великобритания |
| 610 |
Ключевые слова |
0_ |
| a |
Ключевые слова |
английская литература |
| 610 |
Ключевые слова |
0_ |
| a |
Ключевые слова |
классическая литература |
| 610 |
Ключевые слова |
0_ |
| a |
Ключевые слова |
проза |
| 610 |
Ключевые слова |
0_ |
| a |
Ключевые слова |
рассказы |
| 610 |
Ключевые слова |
0_ |
| a |
Ключевые слова |
классика |
| 610 |
Ключевые слова |
0_ |
| a |
Ключевые слова |
юмористические рассказы |
| 610 |
Ключевые слова |
0_ |
| a |
Ключевые слова |
тема людей |
| 610 |
Ключевые слова |
0_ |
| a |
Ключевые слова |
авантюрные рассказы |
| 686 |
Индексы других классификаций |
__ |
| 2 |
Код системы |
rubbks |
| a |
Классификационный индекс |
84(4Вел)6-4я04; ст84(4Вел)-4я0 |
| 700 |
Автор |
_1 |
| a |
Фамилия |
Уэллс |
| b |
Имя |
Г. Д. |
| f |
Даты |
1866-1946 |
| g |
Полное личное имя |
Герберт |
| 4 |
Код отношения |
070 |
| 702 |
Вторичная интеллектуальная ответственность |
_1 |
| a |
Фамилия |
Степанов |
| b |
Имя |
Ф. |
| 4 |
Код отношения |
Переводчик |
| 4 |
Код отношения |
590 |
| 4 |
Код отношения |
300 |
| g |
Полное личное имя |
Федор |
| 702 |
Вторичная интеллектуальная ответственность |
_1 |
| a |
Фамилия |
Брусков |
| b |
Имя |
П. |
| 4 |
Код отношения |
570 |
| g |
Полное личное имя |
Павел |
| 702 |
Вторичная интеллектуальная ответственность |
_1 |
| a |
Фамилия |
Лушев |
| b |
Имя |
А. |
| 4 |
Код отношения |
570 |
| g |
Полное личное имя |
Антон |
| 702 |
Вторичная интеллектуальная ответственность |
_1 |
| a |
Фамилия |
Лихачева |
| b |
Имя |
Е. |
| g |
Полное личное имя |
Елена |
| 4 |
Код отношения |
665 |
| 801 |
Источник записи |
_0 |
| a |
Страна |
RU |
| b |
Организация |
Муниципальное бюджетное учреждение культуры "Централизованная библиотечная система" г. Сургут (Центральная городская библиотека им. А. С. Пушкина) |
| c |
Дата составления |
20210209 |
| g |
Правила каталогизации |
PSBO |
| 801 |
Источник записи |
_1 |
| a |
Страна |
RU |
| b |
Организация |
Муниципальное бюджетное учреждение культуры "Централизованная библиотечная система" г. Сургут (Центральная городская библиотека им. А. С. Пушкина) |
| c |
Дата составления |
20210209 |
| g |
Правила каталогизации |
PSBO |
| 852 |
Данные о местонахождении |
__ |
| j |
Шифр хранения |
84(4Вел)6-4я04 |
| i |
Авторский знак |
У 98 |
| 900 |
Макрообъекты |
__ |
| a |
Макрообъекты |
Сделка со страусами, 2017 |
| 901 |
Тип документа |
__ |
| a |
Ответственный |
ООФиК/Волкова |
| t |
Тип документа |
0 |
| 903 |
Характеристики (МАРС) |
__ |
| a |
Дата передачи |
20210209 |
| c |
Наименование библиотеки (МАРС) |
Муниципальное бюджетное учреждение культуры "Централизованная библиотечная система" г. Сургут (Центральная городская библиотека им. А. С. Пушкина) |
| 969 |
Тип издания |
__ |
| a |
Тип издания |
аудиокнига |
| a |
Тип издания |
издание для слепых |
| 990 |
Данные о заказе (DOS) |
__ |
| j |
Количество экземпляров (DOS) |
1 |
| t |
N записи в КСУ для И/У (DOS) |
202102 |